| 000 | 00571nam a2200193 a 4500 | ||
|---|---|---|---|
| 001 | 4271 | ||
| 003 | CDMR | ||
| 005 | 20131213135541.0 | ||
| 008 | 130130s1996||||sp |||||||||||||||||spa|d | ||
| 020 | _a8403594879 | ||
| 040 |
_aCDMR _bcat _cCDMR |
||
| 245 | 0 | 0 |
_aCrónicas de cada día _b: escritores de El País- Cataluña (1988-1996) _cedición de Agustí Fancelli |
| 260 |
_aMadrid _bEl País/Aguilar _c1996 |
||
| 300 | _a456 p. | ||
| 490 | 0 | _aEl Viaje Interior | |
| 650 | 0 | 4 |
_93430 _aPeriodistes _vRecull d'escrits |
| 700 | 1 |
_93718 _aAgustí Fancelli _eed. |
|
| 942 |
_cMON _2udc |
||
| 999 |
_c4271 _d4271 |
||